Echo letnej sezóny inšpektori vstúpili do obchodov

Bibliographic Details
Main Author: Dobrovič, Ján (Author)
Corporate Author: Slovenská obchodná inšpekcia (Prešov, Slovensko) (Author)
Format: Article
Language:Slovak
Subjects:

MARC

LEADER 00000nab a2200000 a 4500
001 vtls001024279
003 SK-MaSNL
005 20260305035055.0
008 040720e19970918xo 0 slo
035 |a SL2846 
040 |a SLLK  |b slo  |c SLLK  |e AACR2 
041 0 |a slo 
044 |a xo  |c SK 
080 |a 351.824.5(437.6)  |2 1981 
100 1 |a Dobrovič, Ján  |4 aut  |9 329523 
245 1 0 |a Echo letnej sezóny  |b inšpektori vstúpili do obchodov 
610 2 7 |a Slovenská obchodná inšpekcia (Prešov, Slovensko)  |2 SLLK  |9 57381 
650 0 7 |a nákupy kontrolné  |2 SLLK  |9 880954 
650 0 7 |a výsledky  |2 SLLK  |9 493505 
651 7 |a Stará Ľubovňa (Slovensko : okres)  |2 SLLK  |9 19196 
655 7 |a periodikum  |2 snkbucl  |9 29553 
710 2 |a Slovenská obchodná inšpekcia (Prešov, Slovensko)  |4 aut  |9 57381 
773 0 8 |t Ľubovnianske noviny  |g Roč. 23, č.37, 18.9.1997, s. 3 
852 |a ZVYKNI  |b KIS3GCP 
999 |c 3331908  |d 3333838